000 00698nam a2200289Ia 4500
005 20260324140711.0
008 008 260324s9999 xx 000 0 eng d
020 _a9780203415627
037 _aEBOOK
040 _aCRL
040 _beng
040 _cCRL
041 _2eng
041 _aeng
084 _qCRL
100 _aMargaret Walton
_91205401
245 0 _aTeaching Reading and Spelling to Dyslexic Children
245 0 _bGetting to Grips with Words
260 _bTaylor and Francis
260 _c1998
365 _a
365 _b205
856 _uhttp://www.taylorfrancis.com/books/9780203415627
942 _cEBOOK
999 _c1807734
_d1807734